LEADER 04083nam 22007095 450 001 9910647786003321 005 20250610122441.0 010 $a9783031142758$b(electronic bk.) 010 $z9783031142741 024 7 $a10.1007/978-3-031-14275-8 035 $a(MiAaPQ)EBC7191448 035 $a(Au-PeEL)EBL7191448 035 $a(CKB)26089876900041 035 $a(DE-He213)978-3-031-14275-8 035 $a(PPN)268204969 035 $a(EXLCZ)9926089876900041 100 $a20230204d2022 u| 0 101 0 $aeng 135 $aurcnu|||||||| 181 $ctxt$2rdacontent 182 $cc$2rdamedia 183 $acr$2rdacarrier 200 10$aTen Projects in Applied Statistics /$fby Peter McCullagh 205 $a1st ed. 2022. 210 1$aCham :$cSpringer International Publishing :$cImprint: Springer,$d2022. 215 $a1 online resource (415 pages) 225 1 $aSpringer Series in Statistics,$x2197-568X 311 08$aPrint version: McCullagh, Peter Ten Projects in Applied Statistics Cham : Springer International Publishing AG,c2023 9783031142741 320 $aIncludes bibliographical references and index. 327 $a1. Rat Surgery -- 2. Chain Saws -- 3. Fruit Flies -- 4. Growth Curves -- 5. Louse Evolution -- 6. Time Series I -- 7. Time Series II -- 8. Out of Africa -- 9. Environmental Projects -- 10. Fulmar Fitness -- 11. Basic Concepts -- 12. Principles -- 13. Initial Values -- 14. Probability Distributions -- 15. Gaussian Distributions -- 16. Space-Time Processes -- 17. Likelihood -- 18. Residual Likelihood -- 19. Response Transformation -- 20. Presentations and Reports -- 21. Q & A. . 330 $aThe first half of the book is aimed at quantitative research workers in biology, medicine, ecology and genetics. The book as a whole is aimed at graduate students in statistics, biostatistics, and other quantitative disciplines. Ten detailed examples show how the author approaches real-world statistical problems in a principled way that allows for adequate compromise and flexibility. The need to accommodate correlations associated with space, time and other relationships is a recurring theme, so variance-components models feature prominently. Statistical pitfalls are illustrated via examples taken from the recent scientific literature. Chapter 11 sets the scene, not just for the second half of the book, but for the book as a whole. It begins by defining fundamental concepts such as baseline, observational unit, experimental unit, covariates and relationships, randomization, treatment assignment, and the role that these play in model formulation. Compatibility of the model with the randomization scheme is crucial. The effect of treatment is invariably modelled as a group action on probability distributions. Technical matters connected with space-time covariance functions, residual likelihood, likelihood ratios, and transformations are discussed in later chapters. 410 0$aSpringer Series in Statistics,$x2197-568X 606 $aStatistics 606 $aBiometry 606 $aSampling (Statistics) 606 $aQuantitative research 606 $aStatistical Theory and Methods 606 $aBiostatistics 606 $aMethodology of Data Collection and Processing 606 $aData Analysis and Big Data 606 $aEstadística$2thub 606 $aInvestigació quantitativa$2thub 608 $aLlibres electrònics$2thub 615 0$aStatistics. 615 0$aBiometry. 615 0$aSampling (Statistics) 615 0$aQuantitative research. 615 14$aStatistical Theory and Methods. 615 24$aBiostatistics. 615 24$aMethodology of Data Collection and Processing. 615 24$aData Analysis and Big Data. 615 7$aEstadística 615 7$aInvestigació quantitativa 676 $a519.5 676 $a519 700 $aMcCullagh$b P. J$g(Peter John),$0479401 801 0$bMiAaPQ 801 1$bMiAaPQ 801 2$bMiAaPQ 912 $a9910647786003321 996 $aTen projects in applied statistics$93362300 997 $aUNINA LEADER 04923oam 2201033 c 450 001 9910372794003321 005 20260302090207.0 010 $a9783839408933 010 $a3839408938 024 7 $a10.14361/9783839408933 035 $a(CKB)3710000000482781 035 $a(OAPEN)1007528 035 $a(DE-B1597)461519 035 $a(OCoLC)1013957291 035 $a(OCoLC)958037392 035 $a(DE-B1597)9783839408933 035 $a(MiAaPQ)EBC5494314 035 $a(Au-PeEL)EBL5494314 035 $a(OCoLC)1049913479 035 $a(transcript Verlag)9783839408933 035 $a(MiAaPQ)EBC6955775 035 $a(Au-PeEL)EBL6955775 035 $a(oapen)https://directory.doabooks.org/handle/20.500.12854/38063 035 $a(ScCtBLL)dea63b9d-be37-427e-82b1-b58857ef229e 035 $a(oapen)doab38063 035 $a(EXLCZ)993710000000482781 100 $a20260302h20152008 uy 0 101 0 $ager 135 $auuuuu---auuuu 181 $ctxt$2rdacontent 182 $cc$2rdamedia 183 $acr$2rdacarrier 200 10$aMythos Enigma$eDie Chiffriermaschine als Sammler- und Medienobjekt$fDominik Landwehr 205 $a1st ed. 210 $aBielefeld$ctranscript Verlag$d2015 210 $d2015, c2008 215 $a1 online resource (258) 225 0 $aMedienAnalysen$v2 311 08$a9783899428933 311 08$a3899428935 327 $aFrontmatter 1 INHALT 5 GEORG CHRISTOPH THOLEN: GELEITWORT 9 DANK 11 PROLOG: DIE ENIGMA - EIN MEHRFACHES GEHEIMNIS 15 EINLEITUNG 19 TEIL 1: ENIGMA ODER DIE AUTOMATISIERUNG DER VERSCHLU?SSELUNG 35 TEIL 2: ZEITZEUGEN, WISSENSCHAFTER, SAMMLER 95 TEIL 3: DIE ENIGMA ALS OBJEKT DER MEDIEN 141 SCHLUSSBETRACHTUNG 219 ANNEX 229 Backmatter 253 330 $aDie Entschlüsselung der deutschen Chiffriermaschine »Enigma« durch die Briten gehört zu den bestgehüteten Geheimnissen des Zweiten Weltkrieges - erst 1974 wurde die Öffentlichkeit über die erfolgreichen Bemühungen informiert. Seither ist das Interesse an der »Enigma« bei Laien und Fachwelt ungebrochen. »Mythos Enigma« geht dieser Faszination in einer Feldstudie nach und nimmt die Spuren der Maschine nicht nur in Deutschland, England und in den USA, sondern auch in der Schweiz auf: Dass die geheimnisvolle Maschine aus Deutschland auch in diesem neutralen Land benutzt wurde, war bisher kaum bekannt. Die Motive von Wissenschaftlern, Sammlern und Zeitzeugen mögen unterschiedlich sein, ihre Bemühungen kommen aber auf eine geheimnisvolle Art am Schluss wieder zusammen. Ähnliches lässt sich von fiktionaler Literatur und Filmen sagen, die das Thema aufgreifen. Die Faszination von »Enigma« (lat. »Geheimnis«) ist eine Chiffre für unseren Umgang mit dem Geheimen. 330 1 $a»Wer erfahren möchte, wie aus einem Staatsgeheimnis eine Kultmaschine wird, findet dafür eine Menge anschaulicher Beispiele und medienphilosophische Hintergründe.« 330 1 $a»Das Buch ist auch für mathematische Laien verständlich und beweist gleich noch, dass Dissertationen lesbar sein können.« 330 1 $aBesprochen in:Basler Zeitung, 17.07.2008, Nathalie BaumannTages-Anzeiger, 07.11.2008, Walter Jäggi 330 1 $a»Aufgrund seiner Entdeckungen in der Schweiz beschloss Landwehr, in den Kisten der Militärhistorie nach den rätselhaften Apparaten zu wühlen. Daraus ist ein spannendes und nicht nur für Technophile lesenswertes Buch geworden, das den 'Mythos Enigma' Schicht um Schicht entblättert.« 410 0$aMedienAnalysen 517 2 $aLandwehr, Mythos Enigma$eDie Chiffriermaschine als Sammler- und Medienobjekt 606 $aKryptographie 606 $aComputer Sciences 606 $aInformatik 606 $aMuseum 606 $aComputergeschichte 606 $aMedia 606 $aMemory Culture 606 $aMedia History 606 $aSammler 606 $aMedien 606 $aGerman History 606 $aErinnerungskultur 606 $aMedia Studies 606 $aMediengeschichte 606 $aDeutsche Geschichte 606 $aMedienwissenschaft 615 4$aKryptographie 615 4$aComputer Sciences 615 4$aInformatik 615 4$aMuseum 615 4$aComputergeschichte 615 4$aMedia 615 4$aMemory Culture 615 4$aMedia History 615 4$aSammler 615 4$aMedien 615 4$aGerman History 615 4$aErinnerungskultur 615 4$aMedia Studies 615 4$aMediengeschichte 615 4$aDeutsche Geschichte 615 4$aMedienwissenschaft 676 $a652.8 686 $aST 276$2rvk 700 $aLandwehr$b Dominik$p

Dominik Landwehr, »Migros-Kulturprozent« Zürich, Schweiz

$4aut$0928234 801 0$bDE-B1597 801 1$bDE-B1597 906 $aBOOK 912 $a9910372794003321 996 $aMythos Enigma$92086026 997 $aUNINA